[Event "2025 Spring TNM: 1600-1999"]
[Site "San Francisco"]
[Date "2025.03.18"]
[Round "3.5"]
[White "Cawthon, Jeremy David"]
[Black "Mays-Smith, Isaac S"]
[Result "1-0"]
[Annotator "Winslow,Elliott"]
[WhiteElo "1970"]
[BlackElo "1619"]
[PlyCount "79"]
[GameId "2157321874446613"]
[EventDate "2025.??.??"]

1. e4 e5 {[%emt 0:00:06]} 2. Nf3 {[%emt 0:00:07]} Nf6 {[%emt 0:00:06]} 3. Nc3 {[%emt 0:00:10]} Bb4 {[%emt 0:00:08]} 4. Bc4 {[%emt 0:04:29]} O-O {[%emt 0:00:01]} 5. O-O {[%emt 0:00:21]} Nxe4 {[%emt 0:01:18]} (5... d6 6. d3 Bg4 7. Bg5 Bxc3 8. bxc3 h6 9. Bh4 g5 10. Bg3 Nbd7 11. Re1 Kg7 12. d4 Re8 13. Qd3 Qe7 14. h3 Bxf3 15. Qxf3 Nf8 16. h4 Ng6 17. hxg5 hxg5 18. Qf5 Nh5 19. Rad1 Rad8 20. dxe5 dxe5 21. Rxd8 Rxd8 22. Bxf7 Qxf7 23. Qxg5 Nf6 24. Bxe5 Qe7 25. Bd4 c5 26. Bxc5 Qe5 27. Qe3 Ng4 28. Qd4 Rc8 29. Qxe5+ N6xe5 30. Bd4 Kf6 31. f3 Nh6 32. f4 Nhg4 33. fxe5+ Ke6 34. Rf1 b6 35. Rf5 {1-0 Murzin,V (2513)-Sevian,S (2654) Speed Chess GP2 Chess.com INT blitz 2021 (5)}) 6. Nxe5 {[%emt 0:01:20]} Bxc3 {[%emt 0:00:45]} 7. dxc3 {[%emt 0:00:17]} c6 {[%emt 0:00:21]} 8. Bd3 {[%emt 0:02:07]} d5 {[%emt 0:02:30]} 9. Qf3 {[%emt 0:01:57] [#]} f5 $146 {[%emt 0:02:34]} (9... Qf6 10. Qxf6 Nxf6 11. Re1 Be6 12. Bg5 Nbd7 13. f4 Nxe5 14. Rxe5 Nd7 15. Re3 Nc5 16. Be7 Nxd3 17. Bxf8 Nxf4 18. Bd6 Nh5 19. Be5 g6 20. h3 Re8 21. Rae1 Ng7 22. g4 Rc8 23. Bxg7 Kxg7 24. Kf2 a5 25. a4 Rd8 26. b4 Ra8 27. Rb1 b5 28. axb5 cxb5 29. bxa5 Rxa5 30. Kg3 Kf6 31. Rb4 Ke7 32. Kf4 h6 33. h4 Kd6 34. Re1 Kc5 35. g5 h5 36. Ke5 Ra6 37. Rf1 Ra2 38. Rfb1 Ra5 39. R1b2 {1-0 Costanzo,H-Sanchez,A Villa Ballester op 56th 2006 (7)}) 10. c4 {[%emt 0:17:55]} Qe7 {[%emt 0:01:24]} 11. Bxe4 {[%emt 0:02:48]} fxe4 {[%emt 0:08:21]} 12. Qg3 {[%emt 0:00:05]} Re8 {[%emt 0:09:54]} 13. Bf4 {[%emt 0:00:39]} g5 {[%emt 0:10:21] [#]} 14. h4 {[%emt 0:00:05]} h6 {[%emt 0:01:37]} 15. hxg5 {[%emt 0:00:02]} hxg5 {[%emt 0:00:12]} 16. Ng6 {[%emt 0:00:14]} Qf6 {[%emt 0:01:33]} 17. Qxg5 {[%emt 0:00:09]} Qxg5 {[%emt 0:00:20]} 18. Bxg5 {[%emt 0:00:02]} Kf7 {[%emt 0:01:46]} 19. Nf4 {[%emt 0:01:15]} Rg8 {[%emt 0:02:16]} 20. Bh4 {[%emt 0:00:21]} dxc4 {[%emt 0:05:55]} 21. Rae1 {[%emt 0:00:55]} Bf5 {[%emt 0:00:26]} 22. f3 $18 {[%emt 0:00:13] [#]} Na6 {[%emt 0:02:14]} 23. fxe4 {[%emt 0:00:24]} Bg4 {[%emt 0:03:01]} 24. Nd5+ {[%emt 0:09:31]} Kg7 {[%emt 0:05:11]} 25. Nf6 {[%emt 0:00:17]} Rh8 {[%emt 0:01:23]} 26. Bg3 {[%emt 0:00:16]} Be6 {[%emt 0:01:40]} 27. Be5 {[%emt 0:00:14]} Rh4 {[%emt 0:04:12]} 28. Re3 {[%emt 0:00:34]} Kf7 {[%emt 0:03:49]} 29. Nh5+ {[%emt 0:04:48]} Kg6 {[%emt 0:04:20]} 30. Nf4+ {[%emt 0:00:32]} Kf7 {[%emt 0:03:09]} 31. Rg3 {[%emt 0:00:08]} Bg4 {[%emt 0:01:42]} 32. Bc3 {[%emt 0:06:59]} b5 {[%emt 0:03:35]} 33. Nh3+ {[%emt 0:04:24]} Ke8 {[%emt 0:04:43]} 34. Rf4 {[%emt 0:01:03] [#]} b4 {[%emt 0:01:07]} 35. Bf6 {[%emt 0:00:06]} Rxh3 {[%emt 0:00:56]} 36. gxh3 {[%emt 0:01:26]} Be6 {[%emt 0:00:24]} 37. Rg7 {[%emt 0:00:14]} Nc5 {[%emt 0:01:15]} 38. Rh4 {[%emt 0:00:25]} Nd7 {[%emt 0:00:14]} 39. Rh8+ {[%emt 0:00:07]} Nf8 {[%emt 0:00:08]} 40. Re7+ {[%emt 0:00:05]} 1-0

[Event "2025 Spring TNM: 1600-1999"]
[Site "San Francisco"]
[Date "2025.03.18"]
[Round "3.13"]
[White "Yan, Rayna"]
[Black "Huang, Immanuel"]
[Result "0-1"]
[Annotator "Winslow,Elliott"]
[WhiteElo "1642"]
[BlackElo "1554"]
[PlyCount "74"]
[GameId "2157333390564634"]
[EventDate "2025.??.??"]

1. d4 Nf6 2. c4 g6 3. Nc3 Bg7 4. e4 d6 5. h3 e5 6. d5 a5 7. Bd3 Na6 8. Be3 Bd7 9. Nf3 c6 10. Qd2 h5 11. Rc1 Nb4 12. Bb1 cxd5 13. cxd5 Rc8 14. a3 Na6 15. Bd3 Nc5 16. Bxc5 Rxc5 17. Qe2 h4 18. Rc2 Qb6 19. O-O Nh5 20. Kh1 Nf4 21. Qd1 Ke7 {[#]} 22. Rc1 Rhc8 23. Rb1 Qd8 24. Qd2 Qh8 25. Rbd1 g5 26. Nh2 Bh6 27. Ng4 Bxg4 28. hxg4 Qf6 29. Rc1 h3 30. g3 Nxd3 31. Qxd3 b5 32. Ne2 $4 Rxc1 33. Rxc1 Qxf2 34. Rg1 b4 35. a4 b3 36. Qb5 Rc2 37. Qxa5 Qf3+ 0-1

[Event "2025 Spring TNM: 1600-1999"]
[Site "San Francisco"]
[Date "2025.03.18"]
[Round "3.14"]
[White "Dutter, Frederic"]
[Black "Ploquin, Phil"]
[Result "1/2-1/2"]
[WhiteElo "1900"]
[BlackElo "1665"]
[PlyCount "108"]
[GameId "2157333390564635"]
[EventDate "2025.??.??"]

1. e4 e5 2. Nf3 Nf6 3. Nxe5 d6 4. Nf3 Nxe4 5. Nc3 Nxc3 6. dxc3 Nd7 7. Be3 Be7 8. Qd2 Ne5 9. O-O-O Be6 10. Kb1 Nxf3 11. gxf3 Qd7 12. Rg1 Rg8 13. Bd4 Bf8 14. Bd3 g6 15. a3 Bg7 16. Bxg7 Rxg7 17. Be4 f5 18. Bxb7 Rb8 19. Bd5 Bxd5 20. Qxd5 Kf8 21. c4 Re7 22. Qd4 Kg8 23. Rge1 Rbe8 24. Rxe7 Qxe7 25. Qxa7 Qe2 26. Qd4 Qxf3 27. Qd5+ Qxd5 28. cxd5 Kf7 29. a4 Re4 30. b3 Ke7 31. c4 Re2 32. a5 Kd7 33. a6 Kc8 34. b4 Kb8 35. b5 Rxf2 36. c5 Rxh2 37. cxd6 cxd6 38. Re1 Rh4 39. Re8+ Ka7 40. Re7+ Kb6 41. Rb7+ Kc5 42. a7 Ra4 43. b6 Kxd5 44. Rb8 Kc6 45. a8=Q+ Rxa8 46. Rxa8 Kxb6 47. Rh8 Kc5 48. Rxh7 Kd4 49. Rg7 f4 50. Rxg6 f3 51. Rxd6+ Ke3 52. Kc2 f2 53. Rf6 Ke2 54. Re6+ Kf3 1/2-1/2

[Event "2025 Spring TNM: 1600-1999"]
[Site "San Francisco"]
[Date "2025.03.18"]
[Round "3.15"]
[White "Marvin, Hayes Alexander"]
[Black "Abraham, Michael David"]
[Result "1-0"]
[Annotator "Winslow,Elliott"]
[WhiteElo "1926"]
[BlackElo "1558"]
[PlyCount "73"]
[GameId "2157333390572828"]
[EventDate "2025.??.??"]

1. d4 d5 2. Nf3 Nf6 3. Bf4 c5 4. e3 Nc6 5. Nc3 Bf5 6. a3 e6 7. h3 Bd6 8. Bxd6 Qxd6 9. Nb5 Qe7 10. dxc5 O-O 11. b4 a5 12. Nbd4 axb4 13. Nxc6 bxc6 14. axb4 Rxa1 15. Qxa1 Qb7 16. c3 Ra8 17. Qb2 Ne4 18. Bd3 Nxf2 19. Kxf2 Bxd3 20. Ra1 Rxa1 21. Qxa1 Qa6 22. Qxa6 Bxa6 23. Nd4 Bb7 {[#]} 24. e4 Kf8 25. exd5 exd5 26. Ke3 Ke7 27. Nf5+ Kf6 28. Nd6 Ba6 29. g4 g5 30. b5 cxb5 31. Kd4 Ke6 32. Ne8 Bb7 33. Nc7+ Kd7 34. Nxd5 Kc6 35. Nf6 h6 36. Ng8 Bc8 37. Ne7+ 1-0

[Event "2025 Spring TNM: 1600-1999"]
[Site "San Francisco"]
[Date "2025.03.18"]
[Round "3.17"]
[White "Parsons, Stephen"]
[Black "Casares, Nick"]
[Result "1-0"]
[Annotator "Winslow,Elliott"]
[WhiteElo "1876"]
[BlackElo "1600"]
[PlyCount "43"]
[GameId "2157333390576926"]
[EventDate "2025.??.??"]

1. d4 d5 2. Bf4 Nf6 3. e3 e6 4. Bd3 Bd6 5. Bxd6 Qxd6 6. Nf3 h6 7. O-O b6 8. Ne5 Ba6 9. Nc3 Bxd3 10. Qxd3 O-O 11. f4 c5 12. Rf3 cxd4 13. exd4 a6 14. Raf1 b5 15. f5 Nbd7 16. Qe3 Ne4 17. Nxe4 dxe4 18. Rg3 Kh7 {[#]} 19. f6 $1 Nxf6 (19... g5 20. Rh3) 20. Rxf6 gxf6 21. Rh3 Rfc8 22. Qxh6+ 1-0

[Event "2025 Spring TNM: 1600-1999"]
[Site "San Francisco"]
[Date "2025.03.18"]
[Round "3.18"]
[White "Krishnan, Sreyshthaa"]
[Black "Babayan, Gagik"]
[Result "1-0"]
[WhiteElo "1579"]
[BlackElo "1711"]
[PlyCount "71"]
[GameId "2157333390576927"]
[EventDate "2025.??.??"]

1. c4 e6 2. g3 d5 3. Bg2 c6 4. Nf3 Nf6 5. d4 Bb4+ 6. Bd2 Be7 7. O-O O-O 8. Nc3 (8. Qc2 Nbd7 9. Rd1 b6 10. Bc3 Bb7 11. Nbd2 Qc7 12. Rac1 Rfd8 13. b4 c5 14. bxc5 bxc5 15. Qb2 Nb6 16. Ba5 dxc4 17. Nxc4 Bxf3 18. Bxb6 axb6 19. Bxf3 Ra6 20. Qb5 Rxa2 21. Nxb6 Qa7 22. Qb1 Rb8 23. dxc5 Ra6 24. Qb5 Bxc5 25. Qxc5 Qxb6 26. Qxb6 Raxb6 27. Rc6 Rxc6 28. Bxc6 g5 29. Kg2 Rb2 30. Kf1 Kg7 31. h3 h5 32. Ra1 Rc2 33. Bb5 Rc5 34. Bd3 Nd7 35. f4 gxf4 36. gxf4 Rc3 37. Kf2 Nc5 {½-½ Gukesh,D (2783)-Ding,L (2728) World-ch Ding-Gukesh Singapore 2024 (9)}) 8... Nbd7 9. Rc1 dxc4 10. a4 {[#]} a5 $146 (10... a6 11. Na2 b5 12. axb5 axb5 13. Nb4 Bb7 14. Re1 c5 15. dxc5 Nxc5 16. Bc3 Qb6 17. Ne5 Bxg2 18. Kxg2 Nb3 19. Rb1 Bxb4 20. Bxb4 Rfd8 21. Qc2 Nd4 22. Qc1 Ra4 23. Bc3 Nb3 24. Qf4 Qc7 25. Rbd1 Nd5 26. Qf3 b4 27. e4 bxc3 28. bxc3 Nf6 29. Rxd8+ Qxd8 30. Rd1 Qc7 31. Rd7 Qxd7 32. Nxd7 Nxd7 33. Qd1 Nf8 34. Qd8 Ra2 35. Kf3 Rc2 36. Qc8 Rxc3+ 37. Kf4 Nd2 38. h4 Rd3 39. h5 h6 40. Qa6 {0-1 Putar,L (1834)-Venkatesan,K (1946) IRL-ch Dublin 2020 (3)}) 11. e4 h6 12. Qe2 Nb6 13. h3 Bb4 14. Rfd1 Bd7 15. Ne5 Bxc3 16. bxc3 Rb8 {[#]} 17. Bf4 g5 18. Nxd7 Qxd7 19. Bxb8 Rxb8 20. f4 Kg7 21. fxg5 hxg5 22. Rf1 Rh8 23. Qe3 Nh7 24. h4 f6 25. hxg5 Nxg5 26. e5 Nh3+ 27. Bxh3 Rxh3 28. exf6+ Kf8 29. Kg2 Rh5 30. Rce1 Kf7 31. Rf3 Nd5 32. Qf2 b5 {[#]} 33. g4 Rh7 34. g5 Qd6 35. g6+ Kxg6 36. Qc2+ 1-0

[Event "2025 Spring TNM: 1600-1999"]
[Site "San Francisco"]
[Date "2025.03.18"]
[Round "3.19"]
[White "Morello, Nicholas"]
[Black "Schaezlein, Charlie"]
[Result "1-0"]
[WhiteElo "1655"]
[BlackElo "1473"]
[PlyCount "145"]
[GameId "2157333390576928"]
[EventDate "2025.??.??"]

1. d4 Nf6 2. Bf4 c5 3. e3 Qb6 4. b3 cxd4 5. Qxd4 Nc6 6. Qxb6 axb6 7. c3 d5 8. Bc7 Nd7 9. a4 g6 10. Bb5 Bg7 11. Ne2 O-O 12. Nd4 Na7 13. Bxd7 Bxd7 14. Bxb6 Nb5 15. Nxb5 Bxb5 16. Kd2 e5 17. Na3 Bc6 18. f3 Ra6 19. a5 Raa8 20. Nc2 Rfe8 21. Nb4 Rac8 22. Nxc6 Rxc6 23. Rac1 Rec8 24. Rc2 f5 25. Rhc1 Kf7 26. c4 d4 27. Ke2 Rd6 28. Rd1 Rcc6 29. Rcd2 Rxb6 30. axb6 Rxb6 31. exd4 exd4 32. Rd3 Ke6 33. Ra1 Kd7 34. Kd2 Kc7 35. Re1 Kd7 36. Kc2 Rd6 37. Red1 Kc7 38. g3 Kc6 39. f4 Kc5 40. Ra1 Kb6 41. b4 Re6 42. Rad1 Re2+ 43. R1d2 Re4 44. Kb3 h6 45. c5+ Kb5 46. Ra2 b6 47. cxb6 Kxb6 48. Kc4 Re6 49. Rxd4 Bxd4 50. Kxd4 Re4+ 51. Kd5 g5 52. fxg5 hxg5 53. Rf2 Rxb4 54. Rxf5 Rb2 55. Ke6 Rxh2 56. Rxg5 Re2+ 57. Re5 Rg2 58. Re3 Rc2 59. g4 Rc6+ 60. Kf5 Kc7 61. Rd3 Rc5+ 62. Kg6 Rc6+ 63. Kh5 Rc1 64. g5 Rh1+ 65. Kg6 Re1 66. Kh6 Rh1+ 67. Kg7 Re1 68. g6 Rf1 69. Kg8 Kc6 70. g7 Kc5 71. Rg3 Kd6 72. Kh7 Rf7 73. Kg6 1-0

[Event "2025 Spring TNM: 1600-1999"]
[Site "San Francisco"]
[Date "2025.03.18"]
[Round "3.20"]
[White "Powers, Christopher"]
[Black "Stults, Sawyer"]
[Result "1/2-1/2"]
[WhiteElo "1818"]
[BlackElo "1424"]
[PlyCount "89"]
[GameId "2157333390589217"]
[EventDate "2025.??.??"]

1. e4 e5 2. Nf3 Nc6 3. d4 exd4 4. Nxd4 Bc5 5. Be3 Bb6 6. Bc4 d6 7. O-O Nf6 8. Nc3 O-O 9. Nxc6 bxc6 10. Bg5 Re8 11. Kh1 h6 12. Bxf6 Qxf6 13. f4 Be6 14. Bd3 Rad8 15. Qh5 Qg6 16. Qh4 Qg4 17. Qe1 Qh5 18. f5 Bc8 19. Rf3 Re5 20. Qf1 d5 21. f6 g5 22. exd5 cxd5 23. Re1 g4 24. Rg3 Rde8 25. Rd1 Qg5 26. Be2 h5 27. h3 d4 28. Bb5 R8e6 29. Bc4 Rxf6 30. Qd3 Bf5 31. Qf3 Be6 32. Qa8+ Kg7 33. Ne4 Qf4 34. Nxf6 Kxf6 35. Rf1 Re1 36. Rxe1 Qxg3 37. Qh8+ Ke7 38. Qe5 Qxe5 39. Rxe5 Kf6 40. Bxe6 Kxe5 41. Bxf7 gxh3 42. gxh3 h4 43. Kg2 Kf4 44. Bg6 c5 45. b3 1/2-1/2

[Event "2025 Spring TNM: 1600-1999"]
[Site "San Francisco"]
[Date "2025.03.18"]
[Round "3.21"]
[White "Touset, Stephen"]
[Black "Chan, John"]
[Result "0-1"]
[Annotator "Winslow,Elliott"]
[WhiteElo "1600"]
[BlackElo "1520"]
[PlyCount "64"]
[GameId "2157333390593314"]
[EventDate "2025.??.??"]

1. d4 c6 2. Bf4 d6 3. e3 g5 4. Bxg5 $4 Qa5+ 5. Nd2 Qxg5 6. Ngf3 Qg7 7. g3 Nf6 8. Bg2 Bg4 9. c4 Nbd7 10. Qc2 e6 11. h3 Bxf3 12. Nxf3 Be7 13. d5 exd5 14. cxd5 Nxd5 15. Nd4 Qe5 16. Nxc6 bxc6 17. Qxc6 O-O 18. Qxd7 Rad8 19. Qg4+ Kh8 20. O-O Rg8 21. Qc4 Nf6 22. b3 d5 23. Qa4 Bc5 24. Rac1 Bb6 25. Qh4 Qg5 26. Qxg5 Rxg5 27. Rfd1 Kg7 28. a4 d4 29. exd4 Rxd4 30. Re1 Rd2 31. Kh2 Bxf2 32. g4 Bxe1 0-1

[Event "2025 Spring TNM: 1600-1999"]
[Site "San Francisco"]
[Date "2025.03.18"]
[Round "3.22"]
[White "Siegel, David"]
[Black "Horde, Nicolas T"]
[Result "0-1"]
[Annotator "Horde,Nick"]
[WhiteElo "1446"]
[BlackElo "1568"]
[PlyCount "84"]
[GameId "2157312150763721"]
[EventDate "2025.??.??"]

1. e4 e5 2. Nf3 Nf6 3. Nc3 Nc6 4. d4 exd4 5. Nxd4 Bb4 6. Nxc6 bxc6 7. Bd3 d5 8. exd5 cxd5 9. O-O O-O {The main tabiya of the 4K} 10. Bg5 c6 11. Ne2 $6 {I had a feeling it was too early but could not find why} Bg4 (11... h6 12. Bh4 Re8 13. c3 Bd6 {Black threatens the Greek sacrifice} 14. h3) 12. c3 Bd6 13. Qa4 Bd7 (13... Bxe2 14. Bxe2 h6 15. Be3 {Not sure why SF likes this position, only White plays for a win here}) 14. Qh4 {Almost forced as Black was threatening Bxh2} h6 {Forced} 15. Bxf6 Qxf6 16. Qxf6 gxf6 17. Nd4 {A decisive moment, I knew that in the 4N in this particular structure Black is fine thanks to the bishop pair. I thought I had to give it up which was a mistake} Be5 $6 (17... Rfb8 $1 18. Bf5 (18. Nf5 $2 Bxf5 19. Bxf5 Rxb2) 18... Be8 $1) 18. Bf5 Bxf5 $6 (18... Be8 {The only way not to be worse but this is way too easy to play for White}) 19. Nxf5 Kh7 20. Ne7 $6 (20. Rfe1 $1 Rab8 21. Re2 Rfd8 22. Rd1 {White maintains the initiative}) 20... Rab8 $1 21. f4 $2 {I have been baiting him to play f4 since I played Be5} (21. Nxc6 Rxb2 22. Nxe5 $6 fxe5) (21. Rfb1 Rb6 {I thought this was still equal because I did not calculate deep enough. Black is going to double on the b file and White has a hard time defending}) 21... Bd6 22. Nxc6 Rxb2 23. Nxa7 $4 {White falls for it} (23. Nd4 Rc8 {White best defense but Black gets the initiative}) 23... Bc5+ $1 24. Kh1 Bxa7 25. Rfd1 Re8 26. Rdb1 Ree2 27. Rxb2 Rxb2 28. g3 Rc2 29. Rd1 Rxc3 30. Rxd5 Rc1+ 31. Kg2 Rc2+ 32. Kh3 Bg1 $1 {Precise} 33. Ra5 Kg6 34. Kg4 Rxh2 35. f5+ Kg7 36. a4 Ra2 37. Ra8 Ra3 38. a5 Bf2 39. a6 Rxg3+ 40. Kf4 Ra3 41. Kg4 Ra4+ 42. Kh5 Rh4# 0-1

[Event "2025 Spring TNM: 1600-1999"]
[Site "San Francisco"]
[Date "2025.03.18"]
[Round "3.23"]
[White "Tam, Hoa Long"]
[Black "Admassu, Yonathan"]
[Result "1-0"]
[Annotator "Winslow,Elliott"]
[WhiteElo "1589"]
[BlackElo "1721"]
[PlyCount "35"]
[GameId "2157333390597412"]
[EventDate "2025.??.??"]

1. e4 e6 2. d4 d5 3. e5 c5 4. c3 Nc6 5. Nf3 Qb6 6. Bd3 cxd4 7. O-O Bd7 8. Re1 Nge7 9. h4 Rc8 10. a3 a6 11. h5 h6 12. Qe2 Na5 13. Nxd4 Nec6 14. Be3 Nxd4 15. Bxd4 Qc7 16. Nd2 Be7 17. Qg4 O-O 18. Re3 {[#]} 1-0

[Event "2025 Spring TNM: 1600-1999"]
[Site "San Francisco"]
[Date "2025.03.18"]
[Round "3.24"]
[White "Harris, Clarence"]
[Black "Lopez-Oneal, Owen Michael"]
[Result "0-1"]
[Annotator "Winslow,Elliott"]
[WhiteElo "1400"]
[BlackElo "618"]
[PlyCount "44"]
[GameId "2157333390597413"]
[EventDate "2025.??.??"]

1. e4 e5 2. Nf3 Nc6 3. Bb5 a6 4. Bxc6 bxc6 5. O-O d6 6. d4 Bg4 7. dxe5 Bxf3 8. Qxf3 dxe5 9. Rd1 Qe7 10. Be3 $6 (10. Qb3 $18) (10. Qc3 $18) 10... Nf6 $6 (10... Qe6) 11. Nc3 $6 (11. Bg5 $1 $18) 11... g6 $6 (11... Qe6) 12. Rd3 Rd8 $6 13. Rad1 Rxd3 14. Rxd3 Bg7 15. Bg5 $6 O-O 16. Qh3 (16. Qe2) (16. Qe3) (16. h3) 16... Qb4 $6 (16... Rd8) 17. Bc1 $6 {[#]} (17. Qh4 $1) 17... Nxe4 $4 18. a3 $1 $18 Qc4 19. b3 Qc5 (19... Nxf2 20. Kxf2 Qc5+ $18) 20. Nxe4 Qxc2 21. Qe3 $1 f5 {[#]} 22. Rc3 $4 (22. Qd2 $18) 22... Qd1+ 0-1

[Event "2025 Spring TNM: u1600"]
[Site "San Francisco"]
[Date "2025.03.18"]
[Round "3.6"]
[White "Barreyro, Romeo Belmes"]
[Black "Karwat, Joseph"]
[Result "0-1"]
[Annotator "Winslow,Elliott"]
[WhiteElo "1500"]
[BlackElo "1315"]
[PlyCount "100"]
[GameId "2157323378367559"]
[EventDate "2025.??.??"]

1. e4 {[%emt 0:00:04]} e6 {[%emt 0:00:08]} 2. Nf3 {[%emt 0:00:33]} d5 {[%emt 0:01:35]} 3. e5 {[%emt 0:00:52]} c5 {[%emt 0:01:01]} 4. d4 {[%emt 0:01:26]} Nc6 {[%emt 0:00:57]} 5. dxc5 {[%emt 0:02:26]} Bxc5 {[%emt 0:01:39]} 6. Bd3 {[%emt 0:00:12]} Nge7 {[%emt 0:03:08]} 7. O-O {[%emt 0:01:20]} Ng6 {[%emt 0:01:33]} 8. Qe2 {[%emt 0:03:09]} O-O {[%emt 0:04:24]} 9. Nc3 {[%emt 0:01:14]} Qc7 {[%emt 0:07:47]} 10. Na4 {[%emt 0:04:10]} Nd4 {[%emt 0:07:52]} 11. Nxd4 {[%emt 0:02:21]} Bxd4 {[%emt 0:01:37]} 12. c3 {[%emt 0:01:45]} Bxe5 {[%emt 0:00:58]} 13. g3 {[%emt 0:03:16]} a6 {[%emt 0:04:24]} 14. Be3 {[%emt 0:00:44]} Bd6 {[%emt 0:07:44]} 15. Nb6 {[%emt 0:00:44]} Rb8 {[%emt 0:00:23]} 16. Nxc8 {[%emt 0:00:41]} Rbxc8 {[%emt 0:00:31]} 17. Rac1 {[%emt 0:00:34]} b5 {[%emt 0:02:24] [#]} 18. a4 $1 {[%emt 0:03:14]} Ne5 {[%emt 0:05:38]} 19. axb5 {[%emt 0:00:53]} Nxd3 {[%emt 0:01:04] [#]} 20. bxa6 $4 {[%emt 0:15:57]} Nxc1 $19 {[%emt 0:00:29]} 21. Rxc1 {[%emt 0:00:15]} Bc5 {[%emt 0:03:01]} 22. Bf4 {[%emt 0:01:55]} Qa7 {[%emt 0:01:56]} 23. b4 {[%emt 0:00:36]} Bb6 {[%emt 0:00:36]} 24. b5 {[%emt 0:00:35]} Rc4 {[%emt 0:01:57]} 25. Be3 {[%emt 0:02:28]} Rb8 {[%emt 0:05:51]} 26. Bf4 {[%emt 0:02:26]} Rbc8 {[%emt 0:01:54]} 27. Qe1 {[%emt 0:04:51]} R4c5 {[%emt 0:03:54]} 28. Qe2 {[%emt 0:08:08]} Rxc3 {[%emt 0:03:29]} 29. Rd1 {[%emt 0:03:28]} Rc2 {[%emt 0:02:17]} 30. Bd2 {[%emt 0:00:09]} Ba5 {[%emt 0:02:14]} 31. Kg2 {[%emt 0:00:47]} Rxd2 {[%emt 0:00:54]} 32. Rxd2 {[%emt 0:00:09]} Bxd2 {[%emt 0:00:10]} 33. Qxd2 {[%emt 0:00:02]} Rb8 {[%emt 0:01:27]} 34. Qa5 {[%emt 0:00:56]} d4 {[%emt 0:01:30]} 35. b6 {[%emt 0:00:39]} Rxb6 {[%emt 0:00:56]} 36. Qa4 {[%emt 0:01:21]} Qa8+ {[%emt 0:00:35]} 37. Kh3 {[%emt 0:00:27]} Rxa6 {[%emt 0:00:29]} 38. Qxd4 {[%emt 0:00:11]} h6 {[%emt 0:00:16]} 39. Qd7 {[%emt 0:00:32]} Ra2 {[%emt 0:00:24]} 40. Qd4 {[%emt 0:00:46]} Qd5 {[%emt 0:01:33]} 41. Qb6 {[%emt 0:00:48]} Ra8 {[%emt 0:01:39]} 42. Qe3 {[%emt 0:00:44]} Qf5+ {[%emt 0:00:29]} 43. Kg2 {[%emt 0:00:12]} Rc8 {[%emt 0:00:32]} 44. h4 {[%emt 0:00:39]} e5 {[%emt 0:00:14]} 45. Qb6 {[%emt 0:01:11]} e4 {[%emt 0:00:35]} 46. Qb7 {[%emt 0:00:41]} h5 {[%emt 0:00:45]} 47. Qb6 {[%emt 0:00:18]} Qf3+ {[%emt 0:00:32]} 48. Kh2 {[%emt 0:00:12]} e3 {[%emt 0:00:39]} 49. g4 {[%emt 0:00:39]} Qxf2+ {[%emt 0:00:25]} 50. Kh3 {[%emt 0:00:23]} Qf3+ {[%emt 0:00:22]} 0-1

[Event "2025 Spring TNM: u1600"]
[Site "San Francisco"]
[Date "2025.03.18"]
[Round "3.25"]
[White "Fisher, Brett"]
[Black "Wickliffe, Zachary"]
[Result "1/2-1/2"]
[Annotator "Winslow,Elliott"]
[WhiteElo "1376"]
[BlackElo "1260"]
[PlyCount "52"]
[GameId "2157333390605607"]
[EventDate "2025.??.??"]

1. d4 c5 2. d5 Nf6 3. c4 b5 4. cxb5 a6 5. bxa6 g6 6. Nc3 Bg7 7. e4 O-O 8. Nf3 (8. a7 $5 Rxa7 9. Nf3) 8... Qa5 $1 9. Bd2 (9. Bd3 $6 Nxd5 $1 $15) (9. a7 $2 Nxe4 $1 10. axb8=Q Rxb8 $19) 9... Bxa6 10. Be2 d6 11. O-O Nbd7 12. Bxa6 Qxa6 13. Re1 Rfb8 14. Qc2 Ng4 15. Bf4 $6 (15. Nd1 $11) 15... Qb6 $6 (15... Nde5 $15) (15... Bd4 $15) 16. Re2 $2 {[#]} (16. Rab1 $11) 16... Nde5 $2 (16... Qxb2 $1 17. Qxb2 Rxb2 18. Rxb2 Bxc3 19. Rab1 Bxb2 20. Rxb2 $17 Ngf6 21. Nd2 Nh5) 17. Nxe5 Nxe5 18. Bxe5 Bxe5 19. a3 $2 (19. Rc1) 19... Qb3 (19... Qxb2 $1 $17) 20. Rc1 (20. Qxb3 Rxb3 21. Nd1) 20... Ra7 21. Qxb3 Rxb3 22. Nd1 Rab7 23. Rcc2 Rd3 24. Red2 Rdb3 25. Re2 Rd3 26. Red2 Rdb3 1/2-1/2

[Event "2025 Spring TNM: u1600"]
[Site "San Francisco"]
[Date "2025.03.18"]
[Round "3.26"]
[White "Quinn, Dahlia"]
[Black "Le, Thu Anh"]
[Result "1/2-1/2"]
[WhiteElo "1317"]
[BlackElo "1204"]
[PlyCount "75"]
[GameId "2157333390609704"]
[EventDate "2025.??.??"]

1. Nf3 e6 2. c4 Nf6 3. Nc3 d5 4. cxd5 exd5 5. d4 Be7 6. Bf4 Bf5 {Doesn't let White castle Q-side and contests the e4 square.} 7. a3 (7. h3 Bb4 8. Qa4+ Nc6 9. e3 Ne4 {An idea if White didn't play a3. Black gets the center but looks like White has a lot of counterplay.} 10. Bb5 Bxc3+ 11. bxc3 O-O 12. Bxc6 bxc6 13. Qxc6) 7... c6 8. e3 O-O 9. Bd3 (9. Ne5) (9. Nh4 Bg6 (9... Be6) 10. Nxg6 fxg6) 9... Bxd3 {Black happily trades White's better bishop.} 10. Qxd3 Nbd7 11. O-O Nh5 12. Bg3 Nxg3 13. hxg3 Nf6 14. Ne5 Nd7 15. Nxd7 (15. f4 {I was hoping for this line, where Black ends up with a better pawn structure and bishop.} Nxe5 16. fxe5 f6 17. exf6 Bxf6) (15. e4 dxe4 16. Qxe4 Re8) 15... Qxd7 16. f3 Qd6 (16... c5 {I wanted to play this move to open up the dark squares. After calculating Nxd5, I thought I'd wait for a better moment (which, might never come if White gets b4 in).} 17. dxc5 Bxc5 18. Nxd5 Bxe3+ 19. Qxe3 Qxd5) 17. Kf2 Qg6 {I thought I might get a slightly better endgame with the bishop and pawn structure.} (17... f5 {My second candidate move. Looks aggressive, but I didn't see anything for Black.} 18. Rh1 Rae8 19. f4) (17... c5 {Doesn't work here.} 18. dxc5 Qxc5 19. Nxd5 Rad8 20. Rfd1) (17... h5 {Would be a better plan.} 18. Rh1 g6) 18. Qd2 Rfe8 (18... Rae8 19. Rh1 Bd6) 19. Rh1 Rad8 20. Ne2 Bd6 21. Rh3 c5 (21... Rd7 {Doubling rooks to target e3.}) 22. Rah1 h6 23. Nf4 Bxf4 24. gxf4 cxd4 25. Qxd4 Qc2+ 26. Kg3 Re6 (26... Qg6+ {Not productive.} 27. Kh2) 27. Rh4 Rg6+ $2 {Black missed an opportunity $1 I did not see the idea for ...f5, which basically blocks White's rook from g4.} (27... f5 28. Kh2 Rg6 29. Rg1) 28. Rg4 Rxg4+ 29. fxg4 b6 30. Rh5 Qe4 31. Qe5 Qxe5 32. Rxe5 Kf8 33. g5 hxg5 34. Rxg5 d4 35. exd4 Rxd4 36. Rb5 {I thought Black still has a slightly better endgame here, though it looks almost like a dead draw.} g6 (36... Ke7 {Would be a better attempt to win.} 37. Kg4 Ke6) 37. Kg4 Kg7 38. g3 {Draw offered and accepted.} 1/2-1/2